000 00568nam a2200229Ia 4500
003 OSt
005 20221005114139.0
006 a|||||r|||| 00| 0
007 ta
008 221004b |||||||| |||| 00| 0 eng d
024 _a39891
037 _cTextual
040 _aCRL
_cCRL
_beng
041 _2eng
_aeng
082 _aO:3N031:12, J3
100 _aOrwell George
245 0 _aAnimal farm, a fairy story
260 _c1953
650 _aENGLISH LITERATURE
942 _hO:3N031:12, J3
_cTEXL
_2cc
999 _c1030388
_d1030388